| 000 | 00441nam a22001457a 4500 | ||
|---|---|---|---|
| 005 | 20180810113924.0 | ||
| 020 |
_a8121511143 _c450.00 |
||
| 035 | _aB-120626, B-120628 | ||
| 037 |
_aDPL _bENG |
||
| 100 | _aPandit, Moti Lal | ||
| 245 |
_aBuddhism : _bA religion of salvation / _cby Moti Lal Pandit |
||
| 260 |
_aNew Delhi _bMunshiram Manoharlal Publishers _c2004 |
||
| 300 |
_avi, 311p. _c22 cms. |
||
| 942 |
_2ddc _cEN _h250 _mMOT |
||
| 999 |
_c64774 _d64774 |
||